00420nam a2200169Ia 4500008004100000020001800041245002000059245005400079260001500133260001600148260000900164300001500173300002500188300001000213500000800223999001900231170705s9999 xx 000 0 und d a9780545667654 4aThe true gift / cPatricia MacLachlan ; illustrated by Brian Floca. aNew York : bScholastic, c2009 a81 pages : bcolor illustration ; c20cm. a480 c335802d335802